000
00450nam a2200181Ia 4500
008
090124s9999 xx 000 0 und d
082
_b
121190
100
_a
साठे शंकर भाऊ
245
_a
सूड
250
_a
1
260
_c
1985
300
_a
164
600
_a
साठे शंकर भाऊ
630
_a
सूड
700
_a
साठे शंकर भाऊ
730
_a
सूड
942
_c
BOOK
999
_c
167276
_d
167276